1887 1326 1611 1784 1558 1638 1899 1837 1724 1912 1243 1849 1777 1429 1879 1284 1288 1860 1456 1059 1975 1439 1064 1719 1501 1736 1793 1283 1989 1248 1655 1633 1143 1843 1135 1613 1600 1984 1327 1452 1331 1572 1774 1694 1567 1630 1474 1165 1754 1216 1911 2000 1882 1174 1684 1036 1816 1139 1463 1351 1775 1252 1243 1867 1425 1887 1913 1846 1869 1002 1646 1568 1648 1050 1540 1141 1383 1565 1812 1624 1514 1573 1396 1220 1437 1817 1262 1544 1091 1020 1996 1947 1556 1004 1943 1605 1137 1884 1595 BCNSPRNW ULIB Ver.6.0+V

เปลี่ยนเป็นภาษาไทย

Change to English
 แสดงรายละเอียดบรรณานุกรม
  กลับหน้าหลัก

Brief Record : Get Marc (ISO 2709) : E-mail record : QR code < ปิดหน้าต่าง
LEADER : 00000nam 2200000uu 4500
001    13399114170
003     ULIB
008    120228s||||||||th 000 0 tha d
022    ^a16856481
110    ^aกรมควบคุมโรค
245    ^aวารสารควบคุมโรค
260    ^aนนทบุรี :^bกรมควบคุมโรค,^cม.ป.ป.
310    ^aรายสามเดือน
850    ^aฉบับที่ 3 ปีที่ 37;ฉบับที่ 3 ปีที่ 37 ฉ.2;ฉบับที่ 1 ปีที่ 38
945    ^p0^l0^i800065
945    ^p0^l0^i800066
945    ^p0^l0^i800175
945    ^p0^l0^i800176
999 ^a ใช้งานได้ทุกระบบ
รายการนี้ยังไม่มีแท็ก
คุณยังไม่ได้ล็อกอิน คุณสามารถมีกิจกรรมร่วมกับเว็บไซต์ได้ แต่ต้องล็อกอินก่อน ::
  ล็อกอิน

รายการสื่อสารสนเทศ

ลำดับที่ ประเภท เลขเรียก/บาร์โค้ด สถานที่ สถานะ
1. วิทยาศาสตร์การแพทย์ และสุขภาพ
วิทยาศาสตร์การแพทย์ และสุขภาพ
  
  Barcode: 800065
ห้องสมุดวิทยาเขตสวรรค์ประชารักษ์
►วารสาร
บนชั้น
  ขอยืม
2. วิทยาศาสตร์การแพทย์ และสุขภาพ
วิทยาศาสตร์การแพทย์ และสุขภาพ
 ฉ.2 
  Barcode: 800066
ห้องสมุดวิทยาเขตสวรรค์ประชารักษ์
►วารสาร
บนชั้น
  ขอยืม
3. วิทยาศาสตร์การแพทย์ และสุขภาพ
วิทยาศาสตร์การแพทย์ และสุขภาพ
 ฉ.3 
  Barcode: 800175
ห้องสมุดวิทยาเขตสวรรค์ประชารักษ์
►วารสาร
บนชั้น
  ขอยืม
4. วิทยาศาสตร์การแพทย์ และสุขภาพ
วิทยาศาสตร์การแพทย์ และสุขภาพ
 ฉ.4 
  Barcode: 800176
ห้องสมุดวิทยาเขตสวรรค์ประชารักษ์
►วารสาร
บนชั้น
  ขอยืม

รายการใกล้เคียง
    ชื่อเรื่อง [วารสารควบคุมโรค]

BibComment


ยังไม่เคยถูกคอมเมนท์

คอมเมนท์ทรัพยากรรายการนี้
  คอมเมนท์: วารสารควบคุมโรค


 Copyright 2026. Bcnsprnw @Library